Studies on micropropagation of some woody ornamental plants (Record no. 15208)

MARC details
000 -LEADER
fixed length control field 01098cam a2200289Ia 45 0
001 - CONTROL NUMBER
control field u158943
003 - CONTROL NUMBER IDENTIFIER
control field SIRSI
008 - FIXED-LENGTH DATA ELEMENTS--GENERAL INFORMATION
fixed length control field 100223s2004 ua a b 000 0 eng d
040 ## - CATALOGING SOURCE
Original cataloging agency EAL
041 ## - LANGUAGE CODE
Language code of text/sound track or separate title eng
Language code of summary or abstract ara
090 ## - LOCALLY ASSIGNED LC-TYPE CALL NUMBER (OCLC); LOCAL CALL NUMBER (RLIN)
Classification number (OCLC) (R) ; Classification number, CALL (RLIN) (NR) CD-1703
100 1# - MAIN ENTRY--PERSONAL NAME
Personal name El-Shamy, Mamdouh Ahmed Ibrahim Mohamed.
245 10 - TITLE STATEMENT
Title Studies on micropropagation of some woody ornamental plants
Medium [computer file]/
Statement of responsibility, etc. Mamdouh Ahmed Ibrahim Mohamed El-Shamy.
246 15 - VARYING FORM OF TITLE
Title proper/short title دراسات على الإكثار الدقيق لبعض نباتات الزينة الخشبية.
260 ## - PUBLICATION, DISTRIBUTION, ETC.
Date of publication, distribution, etc. 2004.
300 ## - PHYSICAL DESCRIPTION
Extent Computer laser optical disks;
Dimensions 4 3/4 in.
502 ## - DISSERTATION NOTE
Dissertation note Thesis (Ph.D.) – Ain Shams University, 2004.
504 ## - BIBLIOGRAPHY, ETC. NOTE
Bibliography, etc. note Includes bibliographical references (leaves 87-95).
538 ## - SYSTEM DETAILS NOTE
System details note System requirment: Adobe reader.
546 ## - LANGUAGE NOTE
Language note Summary in Arabic.
596 ## -
-- 1
650 #0 - SUBJECT ADDED ENTRY--TOPICAL TERM
Topical term or geographic name entry element Ornamental woody plants
General subdivision Propagation.
650 #0 - SUBJECT ADDED ENTRY--TOPICAL TERM
Topical term or geographic name entry element Plant tissue culture.
650 #0 - SUBJECT ADDED ENTRY--TOPICAL TERM
Topical term or geographic name entry element Plant micropropagation.
856 40 - ELECTRONIC LOCATION AND ACCESS
Uniform Resource Identifier <a href="http://nile.enal.sci.eg/thesis/1703.pdf">http://nile.enal.sci.eg/thesis/1703.pdf</a>
Public note Content & Abstract.
942 ## - ADDED ENTRY ELEMENTS (KOHA)
Koha item type E-Thesis
Source of classification or shelving scheme Library of Congress Classification
Holdings
Withdrawn status Lost status Source of classification or shelving scheme Damaged status Not for loan Home library Current library Date acquired Total Checkouts Full call number Barcode Date last seen Copy number Price effective from Koha item type
    Library of Congress Classification     Main Main 02/19/2018   CD-1703 CD001703 02/19/2018 1 02/19/2018 E-Thesis

Home | About ENAL | Collections | Services | Activities | Calendar | Contact us

7 Nadi El Sayed St., Giza, Egypt | Phone:02-33351121 +02-33351313 | 
| Email: enalegypt@gmail.com